<?xml version="1.0" encoding="UTF-8"?>
<collection xmlns:xsi="http://www.w3.org/2001/XMLSchema-instance" xsi:schemaLocation="http://www.loc.gov/MARC21/slim http://www.loc.gov/standards/marcxml/schema/MARC21slim.xsd" xmlns="http://www.loc.gov/MARC21/slim">
 <record>
  <leader>00000cam a22000004i 4500</leader>
  <controlfield tag="001">UP-99796217612749238</controlfield>
  <controlfield tag="003">Buklod</controlfield>
  <controlfield tag="005">20180430104913.0</controlfield>
  <controlfield tag="006">m    |o  d |      </controlfield>
  <controlfield tag="007">ta</controlfield>
  <controlfield tag="008">180430s2014    xx     d     r    |||| u|</controlfield>
  <datafield tag="020" ind1=" " ind2=" ">
   <subfield code="a">9781783477852 (pbk.)</subfield>
  </datafield>
  <datafield tag="035" ind1=" " ind2=" ">
   <subfield code="a">(iLib)UPD-00362013205</subfield>
  </datafield>
  <datafield tag="040" ind1=" " ind2=" ">
   <subfield code="a">DLC</subfield>
   <subfield code="d">DCPA</subfield>
   <subfield code="e">rda</subfield>
  </datafield>
  <datafield tag="041" ind1=" " ind2=" ">
   <subfield code="a">eng</subfield>
  </datafield>
  <datafield tag="042" ind1=" " ind2=" ">
   <subfield code="a">DMLUC</subfield>
  </datafield>
  <datafield tag="090" ind1=" " ind2=" ">
   <subfield code="a">JC 598</subfield>
   <subfield code="b">R47 2014</subfield>
  </datafield>
  <datafield tag="245" ind1="1" ind2="0">
   <subfield code="a">Research handbook on transparency</subfield>
   <subfield code="c">edited by Padideh Ala'i and Robert G. Vaughn.</subfield>
  </datafield>
  <datafield tag="264" ind1=" " ind2="1">
   <subfield code="a">Cheltenham, UK</subfield>
   <subfield code="b">Edward Elgar</subfield>
   <subfield code="c">[2014].</subfield>
  </datafield>
  <datafield tag="300" ind1=" " ind2=" ">
   <subfield code="a">xiv, 418 pages</subfield>
   <subfield code="c">24 cm</subfield>
  </datafield>
  <datafield tag="336" ind1=" " ind2=" ">
   <subfield code="a">text</subfield>
   <subfield code="2">rdacontent</subfield>
  </datafield>
  <datafield tag="337" ind1=" " ind2=" ">
   <subfield code="a">unmediated</subfield>
   <subfield code="2">rdamedia</subfield>
  </datafield>
  <datafield tag="338" ind1=" " ind2=" ">
   <subfield code="a">volume</subfield>
   <subfield code="2">rdacarrier</subfield>
  </datafield>
  <datafield tag="504" ind1=" " ind2=" ">
   <subfield code="a">Includes bibliographical references and index.</subfield>
  </datafield>
  <datafield tag="505" ind1="0" ind2=" ">
   <subfield code="a">Transparency and closure /H. Patrick Glenn -- The relationship between transparency, whistleblowing and public trust /A. J. Brown, Wim Vandekerckhove and Suelette Dreyfus -- Exploring the legal architecture of transparency /Elizabeth Fisher -- The associations of judicial transparency with administrative transparency /Robert G. Vaughn -- Opposing legal transparency in dynastic China: the persuasive logic of Confucianist views on legal opaqueness /John W. Head -- Transparency and the Shi'i clerical elite /Haider Al Hamoudi -- Transparency under dispute: public relations, bureaucracy, and democracy in Mexico /Irma Eréndira Sandoval -- When transparency meets politics: the case of Mexico's electoral ballots /John Mill Ackerman -- The role of the courts in China's progress toward    transparency /Liu Wenjing -- The history of government transparency /Daniel J. Metcalfe -- The long and winding road to transparency in the UK /Shonali Routray -- Transparency in policymaking: the (mostly) laudable example of the U.S. rulemaking system /Jeffrey S. Lubbers -- Faux transparency: ethics, privacy, and the demise of the STOCK Act's massive online disclosure of employees' finances /Kathleen Clark and Cheryl Embree -- Transparency at the World Bank /Daniel J. Metcalfe -- The emerging norm of transparency in international environmental governance /David B. Hunter -- Transparency in international economic relations and the role of the WTO /Padideh Ala'i and Matthew D'Orsi.</subfield>
  </datafield>
  <datafield tag="650" ind1=" " ind2="0">
   <subfield code="a">Transparency in government.</subfield>
  </datafield>
  <datafield tag="700" ind1="1" ind2=" ">
   <subfield code="a">Ala'i, Padideh</subfield>
   <subfield code="d">1964-</subfield>
   <subfield code="e">editor.</subfield>
  </datafield>
  <datafield tag="700" ind1="1" ind2=" ">
   <subfield code="a">Vaughn, Robert G.</subfield>
   <subfield code="e">editor.</subfield>
  </datafield>
  <datafield tag="905" ind1=" " ind2=" ">
   <subfield code="a">FO</subfield>
  </datafield>
  <datafield tag="852" ind1="0" ind2=" ">
   <subfield code="a">UPD</subfield>
   <subfield code="b">DCPA</subfield>
   <subfield code="h">JC 598</subfield>
   <subfield code="i">R47 2014</subfield>
  </datafield>
  <datafield tag="942" ind1=" " ind2=" ">
   <subfield code="a">Book</subfield>
  </datafield>
 </record>
</collection>
